Statistics for US State Capitals in Alphabetical Order

Click here to take the quiz!

General Stats

  • This quiz has been taken 107 times
  • The average score is 41 of 50

Answer Stats

HintAnswer% Correct
Atlanta
93%
AAlbany
91%
Austin
89%
Honolulu
89%
SSacramento
89%
TTallahassee
89%
IIndianapolis
86%
Annapolis
84%
Augusta
84%
BBaton Rouge
84%
Bismarck
84%
Boise
84%
DDenver
84%
Des Moines
84%
OOklahoma City
84%
PPhoenix
84%
RRaleigh
84%
Springfield
84%
Boston
82%
CCarson City
82%
Columbia
82%
Columbus
82%
FFrankfort
82%
HHarrisburg
82%
JJackson
82%
Jefferson City
82%
Juneau
82%
LLansing
82%
MMadison
82%
Montgomery
82%
Saint Paul
82%
Salem
82%
Charleston
80%
Dover
80%
Hartford
80%
Lincoln
80%
Olympia
80%
Pierre
80%
Providence
80%
Richmond
80%
Santa Fe
80%
Topeka
80%
Cheyenne
77%
Helena
77%
Little Rock
77%
Trenton
77%
NNashville
75%
Concord
73%
Montpelier
73%
Salt Lake City
70%

Score Distribution

Percentile by Number Answered

Percent of People with Each Score

Your Score History

You have not taken this quiz